Ingeniería de los procesos industriales / (Record no. 142020)

MARC details
000 -LEADER
campo de control de longitud fija 00710nam a22002291 4500
001 - NÚMERO DE CONTROL
campo de control 142020
003 - IDENTIFICADOR DE NÚMERO DE CONTROL
campo de control ES-MaACL
005 - FECHA Y HORA DE LA ÚLTIMA TRANSACCIÓN
campo de control 20250815112923.0
007 - CAMPO FIJO DE DESCRIPCIÓN FÍSICA--INFORMACIÓN GENERAL
campo de control de longitud fija t|
008 - DATOS DE LONGITUD FIJA--INFORMACIÓN GENERAL
campo de control de longitud fija 071002s1971 sp ||||0| spa d
016 7# - NÚMERO DE CONTROL DE UNA AGENCIA BIBLIOGRÁFICA NACIONAL
Número de control cancelado/no válido IND2000946353
040 ## - FUENTE DE CATALOGACIÓN
Centro catalogador/agencia de origen M-BN
Lengua de catalogación spa
Centro/agencia transcriptor CDM
080 ## - NÚMERO DE LA CLASIFICACIÓN DECIMAL UNIVERSAL
Número de la Clasificación Decimal Universal 66.01(04)
100 1# - ENTRADA PRINCIPAL--NOMBRE DE PERSONA
Nombre de persona Williams, Theodore J.
9 (RLIN) 116954
245 10 - MENCIÓN DEL TÍTULO
Título Ingeniería de los procesos industriales /
Mención de responsabilidad, etc. Theodore J. Williams ; [versión española de Casiano Alfonso y Gabriel Tejo].
250 ## - MENCION DE EDICION
Mención de edición 1ª ed.
260 ## - PUBLICACIÓN, DISTRIBUCIÓN, ETC.
Lugar de publicación, distribución, etc. Madrid :
Nombre del editor, distribuidor, etc. Alhambra,
Fecha de publicación, distribución, etc. 1971.
300 ## - DESCRIPCIÓN FÍSICA
Extensión VIII, 230 p. :
Otras características físicas il ;
Dimensiones 23 cm.
650 17 - PUNTO DE ACCESO ADICIONAL DE MATERIA--TÉRMINO DE MATERIA
Término de materia o nombre geográfico como elemento de entrada Química industrial
Fuente del encabezamiento o término embne
9 (RLIN) 16636
852 ## - LOCALIZACIÓN
Ubicación ES-MaACL
Número de control de estantería C-41486
Sublocalización o colección R.80307
Holdings
Estatus retirado Estado de pérdida Estado de daño No para préstamo Biblioteca de origen Biblioteca actual Ubicación en estantería Fecha de adquisición Fuente de adquisición Total de préstamos Signatura topográfica completa Código de barras Visto por última vez Precio de reemplazo Tipo de ítem Koha
        Biblioteca del Ateneo de Madrid Biblioteca del Ateneo de Madrid Depósito 2 17/01/2008     C-41486 1147773 23/02/2023 23/02/2023 Libro impreso